书目信息 |
| 题名: |
博弈论的语言
|
|
| 作者: | 布兰登勃格 编著 ;蒋韫琦 译 | |
| 分册: | ||
| 出版信息: | 上海 格致出版社 2019.05 |
|
| 页数: | 262页 | |
| 开本: | 23cm | |
| 丛书名: | 当代经济学系列丛书 | |
| 单 册: | ||
| 中图分类: | O225-53 | |
| 科图分类: | ||
| 主题词: | 博弈论--bo yi lun--文集 | |
| 电子资源: | ||
| ISBN: | 978-7-5432-2979-2 | |
| 000 | 02100nam 2200313 450 | |
| 001 | 0109110247 | |
| 005 | 20201109110341.0 | |
| 010 | @a978-7-5432-2979-2@dCNY69.00 | |
| 100 | @a20190731d2019 em y0chiy50 ea | |
| 101 | 1 | @achi@ceng |
| 102 | @aCN@b310000 | |
| 105 | @aak az 000yy | |
| 106 | @ar | |
| 200 | 1 | @a博弈论的语言@Abo yi lun de yu yan@e将认知论引入博弈中的数学@dThe language of game theory@eputting epistemics into the mathematics of games@f(美)亚当·布兰登勃格(Adam Brandenburger)编著@g蒋韫琦译@zeng |
| 210 | @a上海@c格致出版社@c上海人民出版社@d2019.05 | |
| 215 | @a262页@c图@d23cm | |
| 225 | 2 | @a当代经济学系列丛书@Adang dai jing ji xue xi lie cong shu@i当代经济学译库 |
| 314 | @a亚当·布兰登勃格(AdamBrandenburger),纽约大学斯特恩商学院教授。他主要从事博弈论领域的研究,是发展“认知博弈论”的先驱之一。“认知博弈论”是一种研究博弈中的参与者如何对彼此进行推理(包括他们对其他参与者的推理),并对博弈产生怎样影响的方法。他与哈伯恩·斯图特一起提出了“双形博弈”概念,一种影响博弈中参与者创造价值的数量及其分配的策略模型。他与拜瑞·内勒巴夫的合著《合作竞争》中将这一理念应用于商业战略领域。最近,他又涉足量子信息领域,研究了让参与者获得量子信息而非经典信息资源的博弈论含义。 | |
| 320 | @a有书目 | |
| 330 | @a本书收集了亚当·布兰登勃格及其合作者在25年内撰写的八篇论文。这些论文是重建博弈论项目的一部分,目的是使参与者如何对博弈进行推理成为博弈论的一个核心特征。该项目现在称为认知博弈论,它扩展了博弈模型的经典定义,不仅包括博弈矩阵或博弈树,还包括参与者如何相互推理的描述(包括他们对其他参与者的推理的推理)。通过这个更丰富的数学框架,可以用来确定参与者如何推理博弈进程的含义。认知博弈论将传统的基于均衡的理论视作一种特例,但也考虑了广泛的非均衡行为。 | |
| 461 | 0 | @12001 @a当代经济学系列丛书 |
| 462 | 0 | @12001 @a当代经济学译库 |
| 510 | 1 | @aLanguage of game theory@eputting epistemics into the mathematics of games@zeng |
| 606 | 0 | @a博弈论@Abo yi lun@j文集 |
| 690 | @aO225-53@v5 | |
| 701 | 1 | @c(美)@a布兰登勃格@Abu lan deng bo ge@c(Brandenburger, Adam)@4编著 |
| 702 | 0 | @a蒋韫琦@Ajiang yun qi@4译 |
| 801 | 0 | @aCN@bBJSZM@c20201103 |
| 905 | @b1242039-42@dO225-53@e225@f4 | |
| 博弈论的语言:将认知论引入博弈中的数学=The language of game theory:putting epistemics into the mathematics of games/(美)亚当·布兰登勃格(Adam Brandenburger)编著/蒋韫琦译.-上海:格致出版社:上海人民出版社,2019.05 |
| 262页:图;23cm.-(当代经济学系列丛书.当代经济学译库) |
| ISBN 978-7-5432-2979-2:CNY69.00 |
| 本书收集了亚当·布兰登勃格及其合作者在25年内撰写的八篇论文。这些论文是重建博弈论项目的一部分,目的是使参与者如何对博弈进行推理成为博弈论的一个核心特征。该项目现在称为认知博弈论,它扩展了博弈模型的经典定义,不仅包括博弈矩阵或博弈树,还包括参与者如何相互推理的描述(包括他们对其他参与者的推理的推理)。通过这个更丰富的数学框架,可以用来确定参与者如何推理博弈进程的含义。认知博弈论将传统的基于均衡的理论视作一种特例,但也考虑了广泛的非均衡行为。 |
| ● |
| 相关链接 |
|
|
|
|
正题名:博弈论的语言
索取号:O225-53/225
 
预约/预借
| 序号 | 登录号 | 条形码 | 馆藏地/架位号 | 状态 | 备注 |
| 1 | 1242039 | 212420398 | 第二样本阅览室/ [索取号:O225-53/225] | 在馆 | |
| 2 | 1242040 | 212420405 | 第三借阅区/ [索取号:O225-53/225] | 在馆 | |
| 3 | 1242041 | 212420414 | 第三借阅区/ [索取号:O225-53/225] | 在馆 | |
| 4 | 1242042 | 212420423 | 第三借阅区/ [索取号:O225-53/225] | 在馆 |